000 00847nam a2200253Ia 4500
003 OSt
005 20220927104109.0
006 a|||||r|||| 00| 0
007 ta
008 220926b |||||||| |||| 00| 0 eng d
024 _a87118
037 _cReference Collections
040 _aRTL
_cRTL
_beng
041 _2eng
_aeng
082 _a"Y:5231.1(X).N8t4, M6/UN"
110 _a"United Nations, International Economic and Social Affairs (Deptt. of-)"
245 0 _aPolicy relevance of findings of the world fertility survey for developing countries
260 _aNY
_bUN
_c1986
300 _a160p
_ccm.
650 _aFertility
_9363531
700 _a"United Nations, International Economic and Social Affairs (Deptt. of-)"
942 _h"Y:5231.1(X).N8t4, M6/UN"
_cCC
999 _c685785
_d685785